000 01075nas a2200361 i 4500
001 11
003 ES-MaACL
005 20250814062525.0
007 t|
008 950801c1867 sp a|y | ||pa d
020 _a84-88292-10-4
022 _a1575-0787
022 _a0567-588X
080 _a(460)
080 _a811.134.2:001.32(460.271)
110 2 _aReal Academia Española
_96336
245 1 0 _aReal Academia Española
_b: [anuario].
246 1 3 _aAnuario de la Real Academia Española
246 1 8 _aAnuario R.A.E.
260 _aMadrid :
_bReal Academia Española,
_c1867-
300 _a47 v. ;
_c10 y 13 cm.
310 _aAnual
362 0 _a1867-
515 _aInterrumpida entre 1937 y 1941.
610 2 4 _aReal Academia Española
_96336
650 1 4 _aLingüística. Filología.
_914477
650 4 _aInstituciones científicas y diversas
_913829
655 7 _2tgfbne
_9226822
_aAnuarios
852 _aES-MaACL
_jHEM-874
866 0 _o1884-93,1896-1903,1905,1908-10,1944-53,1965-77, 1980, 1998, 2008,2010,2012
942 _2udc
999 _c11
_d11